000 01485cam a22002894a 4500
001 5561183
003 000054
005 20220326193348.0
008 050621s2005 fr ac bq 000 0 fre c
020 _a2914935447 (pbk.)
035 _a(OCoLC)ocm60845827
035 _a(NNC)5561183
040 _aAUXAM
_bfre
_cAUXAM
_dTZT
_dOCLCQ
_dFUG
042 _apcc
043 _ae-fr---
082 _a791.430.944
_bB858c
100 1 _aBrion, Patrick.
_9160
245 1 0 _aCinéma français :
_b1895-2005 /
_cPatrick Brion.
260 _aParis :
_bAdpf, Association pour la diffusion de la pensée française,
_cc2005.
300 _a157, ix p. :
_bill. (some col.), ports. ;
_c25 cm.
504 _aIncludes bibliographical references (p. 143-157) and filmography (p. 109-[142]).
505 _tHistoire et préhistoire
_tLa vraie naissance du cinématographe
_tLe cinéma devient une industrie
_tLa fin de la suprématie française
_tLe cinéma: art ou spectacle?
_tQualité et diversité
_tL'âge d'or (1928-1939)
_tLes années sombres (1940-1945)
_tUne production indépendante
_tDes films et des structures
_tL'après-guerre et la menaca d'hégémonie américaine
_tDéceptions et réussites
_tLa nouvelle vague
_tLes critiques deviennent réalisateurs
_t1968
_t1973
_t1984: La télévision devient le grand argentier du cinéma français
_tUne production diversifiée
650 0 _aMotion pictures
_zFrance
_xHistory.
_9161
700 _aPatrick Brion
_9162
948 1 _a20060821
_bc
_crf4
_dMPS
999 _c929
_d929